[Event "DEM U10 2017"]
[Site "Willingen GER"]
[Date "2017.06.06"]
[Round "5"]
[White "Costa, Leonardo"]
[Black "Fuchs, Florian"]
[Result "1-0"]
[Termination "normal"]
[Board "1"]
[WhiteElo "1704"]
[BlackElo "1758"]
[WhiteClock "00:15:54"]
[BlackClock "00:21:05"]
[PlyCount "139"]
[WhiteFideId "16213955"]
[BlackFideId "16213351"]
[EventCountry "GER"]
[EventRounds "11"]
[EventType "swiss"]
[EventDate "2017.06.03"]

1. e4 {[%clk 1:15:58]} 1... e6 {[%clk 1:15:51]} 2. d4 {[%clk 1:16:23]} 2... d5
{[%clk 1:16:12]} 3. exd5 {[%clk 1:16:48]} 3... exd5 {[%clk 1:16:36]} 4. Qf3 {
[%clk 1:17:05]} 4... Nf6 {[%clk 1:16:27]} 5. h3 {[%clk 1:17:29]} 5... Be7 {
[%clk 1:15:33]} 6. Bd3 {[%clk 1:17:38]} 6... O-O {[%clk 1:15:11]} 7. Ne2 {
[%clk 1:17:49]} 7... Re8 {[%clk 1:14:17]} 8. O-O {[%clk 1:17:35]} 8... Be6 {
[%clk 1:10:08]} 9. Bf4 {[%clk 1:16:24]} 9... c6 {[%clk 1:04:48]} 10. Nd2 {
[%clk 1:12:27]} 10... Nbd7 {[%clk 0:57:34]} 11. c3 {[%clk 1:07:35]} 11... Qb6 {
[%clk 0:53:01]} 12. Rab1 {[%clk 1:06:07]} 12... Rac8 {[%clk 0:52:05]} 13. b4 {
[%clk 1:01:48]} 13... Qd8 {[%clk 0:48:12]} 14. Ng3 {[%clk 0:59:21]} 14... Nf8 {
[%clk 0:46:58]} 15. Nf5 {[%clk 0:53:22]} 15... Ng6 {[%clk 0:42:52]} 16. Bg3 {
[%clk 0:50:09]} 16... Rf8 {[%clk 0:40:48]} 17. h4 {[%clk 0:47:13]} 17... Ne8 {
[%clk 0:37:55]} 18. h5 {[%clk 0:45:47]} 18... Nh8 {[%clk 0:37:47]} 19. Bf4 {
[%clk 0:21:13]} 19... Bd6 {[%clk 0:36:06]} 20. Nxg7 {[%clk 0:18:48]} 20... Nxg7
{[%clk 0:35:43]} 21. h6 {[%clk 0:19:10]} 21... Ne8 {[%clk 0:34:58]} 22. Qg3+ {
[%clk 0:18:31]} 22... Ng6 {[%clk 0:34:22]} 23. Bxd6 23... Qxd6 {[%clk 0:34:04]}
24. Qg5 {[%clk 0:18:08]} 24... Qf4 {[%clk 0:33:49]} 25. Nf3 {[%clk 0:18:19]}
25... Qxg5 {[%clk 0:33:22]} 26. Nxg5 {[%clk 0:18:44]} 26... Nf6 {[%clk 0:32:24]
} 27. f4 {[%clk 0:18:32]} 27... Bd7 {[%clk 0:27:44]} 28. Rbe1 {[%clk 0:18:08]}
28... Rce8 {[%clk 0:24:07]} 29. f5 {[%clk 0:17:55]} 29... Ne7 {[%clk 0:23:35]}
30. Re3 {[%clk 0:17:32]} 30... Ng4 {[%clk 0:22:09]} 31. Rg3 {[%clk 0:16:19]}
31... Bxf5 {[%clk 0:16:31]} 32. Bxf5 {[%clk 0:16:38]} 32... Nxf5 { [%clk
0:16:56]} 33. Rxf5 {[%clk 0:15:33]} 33... Re1+ {[%clk 0:15:38]} 34. Rf1 { [%clk
0:15:58]} 34... Rxf1+ {[%clk 0:15:57]} 35. Kxf1 {[%clk 0:16:19]} 35... f5
{[%clk 0:16:15]} 36. Ne6 {[%clk 0:09:26]} 36... Rf6 {[%clk 0:15:08]} 37. Ng7 {
[%clk 0:09:39]} 37... Kf7 {[%clk 0:14:51]} 38. Ke2 {[%clk 0:09:21]} 38... Nxh6
{[%clk 0:14:18]} 39. Nh5 {[%clk 0:08:19]} 39... Re6+ {[%clk 0:11:45]} 40. Re3 {
[%clk 0:06:18]} 40... Ng4 {[%clk 0:10:15]} 41. Rxe6 {[%clk 0:06:19]} 41... Kxe6
{[%clk 0:10:34]} 42. Ng7+ {[%clk 0:06:07]} 42... Kf6 {[%clk 0:10:45]} 43. Ne8+
{[%clk 0:06:06]} 43... Kf7 {[%clk 0:10:22]} 44. Nd6+ {[%clk 0:06:29]} 44... Ke6
{[%clk 0:10:46]} 45. Nxb7 {[%clk 0:06:35]} 45... Nf6 {[%clk 0:09:54]} 46. Nd8+
{[%clk 0:04:47]} 46... Kd7 {[%clk 0:09:10]} 47. Nf7 {[%clk 0:04:58]} 47... Ne4
{[%clk 0:08:52]} 48. Kd3 {[%clk 0:05:20]} 48... h5 {[%clk 0:06:40]} 49. Ne5+ {
[%clk 0:04:59]} 49... Kd6 {[%clk 0:06:56]} 50. Ng6 {[%clk 0:04:44]} 50... Nf2+
{[%clk 0:06:46]} 51. Ke3 {[%clk 0:03:14]} 51... Ne4 {[%clk 0:06:38]} 52. Kd3 {
[%clk 0:03:40]} 52... Nf2+ {[%clk 0:07:02]} 53. Ke2 {[%clk 0:04:05]} 53... Ne4
{[%clk 0:07:24]} 54. Kd3 {[%clk 0:04:33]} 54... Nf2+ {[%clk 0:07:24]} 55. Kc2 {
[%clk 0:04:19]} 55... Ng4 {[%clk 0:07:39]} 56. Nf4 {[%clk 0:04:14]} 56... h4 {
[%clk 0:07:48]} 57. Kd2 {[%clk 0:04:05]} 57... Nf2 {[%clk 0:07:48]} 58. Ke2 {
[%clk 0:15:08]} 58... Ne4 {[%clk 0:23:10]} 59. Kd3 {[%clk 0:15:29]} 59... Nf2+
{[%clk 0:23:28]} 60. Kc2 {[%clk 0:15:43]} 60... Ng4 {[%clk 0:23:48]} 61. Kb3 {
[%clk 0:15:53]} 61... Ne3 {[%clk 0:23:31]} 62. a4 {[%clk 0:15:06]} 62... Nxg2 {
[%clk 0:23:35]} 63. Nxg2 {[%clk 0:15:32]} 63... h3 {[%clk 0:24:01]} 64. Ne3 {
[%clk 0:15:12]} 64... f4 {[%clk 0:24:15]} 65. Nf1 {[%clk 0:15:35]} 65... Ke6 {
[%clk 0:20:51]} 66. Kc2 {[%clk 0:15:59]} 66... Kf5 {[%clk 0:21:08]} 67. Kd3 {
[%clk 0:16:25]} 67... Kg4 {[%clk 0:20:56]} 68. Ke2 {[%clk 0:16:16]} 68... f3+ {
[%clk 0:21:07]} 69. Ke3 {[%clk 0:15:54]} 69... a6 {[%clk 0:21:05]} 70. a5 1-0

[Event "DEM U10 2017"]
[Site "Willingen GER"]
[Date "2017.06.06"]
[Round "5"]
[White "Krüger, Aurelian"]
[Black "Nitsche, Nikolai"]
[Result "0-1"]
[Termination "normal"]
[Board "2"]
[WhiteElo "1657"]
[BlackElo "1465"]
[WhiteClock "00:45:25"]
[BlackClock "00:57:55"]
[PlyCount "54"]
[WhiteFideId "16230400"]
[BlackFideId "16221036"]
[EventCountry "GER"]
[EventRounds "11"]
[EventType "swiss"]
[EventDate "2017.06.03"]

1. e4 {[%clk 1:15:59]} 1... e6 {[%clk 1:15:51]} 2. d4 {[%clk 1:16:23]} 2... d5
{[%clk 1:16:16]} 3. exd5 {[%clk 1:16:34]} 3... exd5 {[%clk 1:16:36]} 4. Nf3 {
[%clk 1:16:54]} 4... Nf6 {[%clk 1:16:49]} 5. Bd3 {[%clk 1:17:15]} 5... Bd6 {
[%clk 1:16:56]} 6. O-O {[%clk 1:17:27]} 6... O-O {[%clk 1:17:07]} 7. Bg5 {
[%clk 1:16:32]} 7... Bg4 {[%clk 1:17:17]} 8. Nbd2 {[%clk 1:16:14]} 8... Nbd7 {
[%clk 1:17:17]} 9. c3 {[%clk 1:15:40]} 9... c6 {[%clk 1:17:35]} 10. Qc2 { [%clk
1:15:57]} 10... Qc7 {[%clk 1:14:52]} 11. Bh4 {[%clk 1:09:55]} 11... Rfe8 {[%clk
1:07:17]} 12. Rfe1 {[%clk 1:03:53]} 12... Re6 {[%clk 1:03:37]} 13. Re3 { [%clk
0:59:46]} 13... Rae8 {[%clk 1:02:00]} 14. Rae1 {[%clk 1:00:06]} 14... Bf4
{[%clk 1:00:35]} 15. Rxe6 {[%clk 0:55:20]} 15... fxe6 {[%clk 1:00:02]} 16. Bg3
{[%clk 0:49:56]} 16... Bxg3 {[%clk 0:59:11]} 17. fxg3 {[%clk 0:50:10]} 17... e5
{[%clk 0:58:21]} 18. h3 {[%clk 0:46:31]} 18... Bxf3 {[%clk 0:58:39]} 19. gxf3 {
[%clk 0:46:44]} 19... e4 {[%clk 0:59:00]} 20. f4 {[%clk 0:44:42]} 20... exd3 {
[%clk 0:59:17]} 21. Rxe8+ {[%clk 0:45:08]} 21... Nxe8 {[%clk 0:59:23]} 22. Qxd3
{[%clk 0:45:35]} 22... Ndf6 {[%clk 0:59:14]} 23. Kg2 {[%clk 0:45:44]} 23... Qe7
{[%clk 0:59:15]} 24. Kf2 {[%clk 0:45:17]} 24... Ne4+ {[%clk 0:57:03]} 25. Nxe4
{[%clk 0:44:33]} 25... Qxe4 {[%clk 0:57:11]} 26. Qxe4 {[%clk 0:45:00]} 26...
dxe4 {[%clk 0:57:34]} 27. Ke3 {[%clk 0:45:25]} 27... Nd6 {[%clk 0:57:55]} 0-1

[Event "DEM U10 2017"]
[Site "Willingen GER"]
[Date "2017.06.06"]
[Round "5"]
[White "Metzdorf, Matteo"]
[Black "Amato, Cristiano"]
[Result "1/2-1/2"]
[Termination "normal"]
[Board "3"]
[WhiteElo "1466"]
[BlackElo "1505"]
[WhiteClock "00:00:49"]
[BlackClock "00:11:09"]
[PlyCount "82"]
[WhiteFideId "16209869"]
[BlackFideId "12998460"]
[EventCountry "GER"]
[EventRounds "11"]
[EventType "swiss"]
[EventDate "2017.06.03"]

1. e4 {[%clk 1:15:57]} 1... c5 {[%clk 1:15:55]} 2. Nc3 {[%clk 1:16:22]} 2...
Nc6 {[%clk 1:16:19]} 3. g3 {[%clk 1:16:42]} 3... g6 {[%clk 1:16:43]} 4. Bg2 {
[%clk 1:17:02]} 4... Bg7 {[%clk 1:17:06]} 5. Nge2 {[%clk 1:16:58]} 5... e5 {
[%clk 1:16:55]} 6. d3 {[%clk 1:16:14]} 6... d6 {[%clk 1:17:04]} 7. Be3 { [%clk
1:14:55]} 7... Nge7 {[%clk 1:17:07]} 8. O-O {[%clk 1:12:56]} 8... Nd4 { [%clk
1:16:44]} 9. Qd2 {[%clk 1:11:05]} 9... Be6 {[%clk 1:16:25]} 10. Nd1 { [%clk
1:05:55]} 10... d5 {[%clk 1:12:50]} 11. Nc1 {[%clk 0:52:34]} 11... Rc8 { [%clk
1:07:04]} 12. f4 {[%clk 0:48:27]} 12... f5 {[%clk 0:54:48]} 13. Nc3 { [%clk
0:39:29]} 13... exf4 {[%clk 0:50:40]} 14. Bxf4 {[%clk 0:36:33]} 14... O-O
{[%clk 0:48:19]} 15. exf5 {[%clk 0:30:56]} 15... Nexf5 {[%clk 0:45:22]} 16. Re1
{[%clk 0:28:18]} 16... Qd7 {[%clk 0:43:17]} 17. Nb3 {[%clk 0:24:14]} 17... Kh8
{[%clk 0:40:20]} 18. Rf1 {[%clk 0:19:50]} 18... c4 {[%clk 0:36:22]} 19. Nxd4 {
[%clk 0:18:55]} 19... Bxd4+ {[%clk 0:35:49]} 20. Kh1 {[%clk 0:18:59]} 20... b5
{[%clk 0:30:19]} 21. Rae1 {[%clk 0:16:20]} 21... b4 {[%clk 0:29:30]} 22. Nd1 {
[%clk 0:16:13]} 22... c3 {[%clk 0:26:00]} 23. bxc3 {[%clk 0:15:33]} 23... bxc3
{[%clk 0:26:07]} 24. Qe2 {[%clk 0:15:30]} 24... Ng7 {[%clk 0:24:02]} 25. Ne3 {
[%clk 0:13:47]} 25... Rce8 {[%clk 0:22:57]} 26. Bg5 {[%clk 0:10:34]} 26...
Rxf1+ {[%clk 0:21:56]} 27. Rxf1 {[%clk 0:08:15]} 27... Nf5 {[%clk 0:19:36]} 28.
Nxf5 {[%clk 0:07:52]} 28... Bxf5 {[%clk 0:18:51]} 29. Qf3 {[%clk 0:07:26]}
29... a5 {[%clk 0:16:15]} 30. Qxd5 {[%clk 0:04:03]} 30... Qxd5 {[%clk 0:16:11]}
31. Bxd5 {[%clk 0:04:31]} 31... Bh3 {[%clk 0:16:11]} 32. Rb1 {[%clk 0:03:08]}
32... Be6 {[%clk 0:12:42]} 33. Bxe6 {[%clk 0:01:30]} 33... Rxe6 {[%clk 0:13:10]
} 34. Rb8+ {[%clk 0:01:16]} 34... Kg7 {[%clk 0:13:28]} 35. Rb7+ {[%clk 0:01:34]
} 35... Kg8 {[%clk 0:13:34]} 36. Re7 {[%clk 0:01:05]} 36... Rb6 {[%clk 0:13:17]
} 37. Bh6 {[%clk 0:00:33]} 37... Rb2 {[%clk 0:13:03]} 38. Re2 38... Rxa2 {
[%clk 0:13:11]} 39. Kg2 {[%clk 0:00:44]} 39... Rb2 {[%clk 0:13:13]} 40. Bf4 {
[%clk 0:00:38]} 40... a4 {[%clk 0:12:56]} 41. Bd6 {[%clk 0:00:49]} 41... Kf7 {
[%clk 0:11:09]} 1/2-1/2

[Event "DEM U10 2017"]
[Site "Willingen GER"]
[Date "2017.06.06"]
[Round "5"]
[White "Klühs, Gustaf"]
[Black "Prieb, Robert"]
[Result "0-1"]
[Termination "normal"]
[Board "4"]
[WhiteElo "1620"]
[BlackElo "1583"]
[WhiteClock "00:32:51"]
[BlackClock "00:09:18"]
[PlyCount "120"]
[WhiteFideId "16228936"]
[BlackFideId "16212002"]
[EventCountry "GER"]
[EventRounds "11"]
[EventType "swiss"]
[EventDate "2017.06.03"]

1. Nf3 {[%clk 1:15:59]} 1... c5 {[%clk 1:15:46]} 2. b3 {[%clk 1:16:23]} 2...
Nf6 {[%clk 1:15:30]} 3. Bb2 {[%clk 1:16:44]} 3... e6 {[%clk 1:15:08]} 4. e3 {
[%clk 1:17:09]} 4... Be7 {[%clk 1:13:27]} 5. Be2 {[%clk 1:17:24]} 5... O-O {
[%clk 1:13:41]} 6. O-O {[%clk 1:17:49]} 6... b6 {[%clk 1:12:11]} 7. d3 { [%clk
1:18:12]} 7... Bb7 {[%clk 1:11:13]} 8. Nbd2 {[%clk 1:18:01]} 8... d5 { [%clk
1:09:36]} 9. c4 {[%clk 1:18:15]} 9... Nc6 {[%clk 1:08:11]} 10. a3 { [%clk
1:18:19]} 10... d4 {[%clk 1:06:11]} 11. exd4 {[%clk 1:17:46]} 11... cxd4 {[%clk
1:05:17]} 12. Qc2 {[%clk 1:17:26]} 12... Rc8 {[%clk 1:02:04]} 13. Rac1 { [%clk
1:16:28]} 13... a5 {[%clk 0:59:12]} 14. Qd1 {[%clk 1:15:54]} 14... e5 { [%clk
0:58:55]} 15. Re1 {[%clk 1:13:41]} 15... Qc7 {[%clk 0:56:05]} 16. Bf1 { [%clk
1:13:18]} 16... Qb8 {[%clk 0:53:53]} 17. Qe2 {[%clk 1:10:31]} 17... Bd6 { [%clk
0:52:11]} 18. h3 {[%clk 1:01:54]} 18... Rfe8 {[%clk 0:50:37]} 19. Ng5 { [%clk
1:00:59]} 19... Bc7 {[%clk 0:48:42]} 20. Nge4 {[%clk 0:59:51]} 20... Nxe4
{[%clk 0:47:54]} 21. Nxe4 {[%clk 0:59:47]} 21... Rcd8 {[%clk 0:43:47]} 22. c5 {
[%clk 0:57:56]} 22... b5 {[%clk 0:38:52]} 23. Qh5 {[%clk 0:53:58]} 23... h6 {
[%clk 0:34:15]} 24. Qg4 {[%clk 0:53:13]} 24... Re6 {[%clk 0:31:20]} 25. g3 {
[%clk 0:49:05]} 25... Ne7 {[%clk 0:28:20]} 26. Qd1 {[%clk 0:44:16]} 26... Qa8 {
[%clk 0:26:13]} 27. Kh2 {[%clk 0:39:27]} 27... f5 {[%clk 0:21:33]} 28. Nd2 {
[%clk 0:39:25]} 28... Rf6 {[%clk 0:18:55]} 29. Kg1 {[%clk 0:37:34]} 29... Bc6 {
[%clk 0:17:29]} 30. b4 {[%clk 0:37:20]} 30... axb4 {[%clk 0:17:15]} 31. axb4 {
[%clk 0:37:41]} 31... Qa2 {[%clk 0:15:12]} 32. Qb3+ {[%clk 0:36:22]} 32... Qxb3
{[%clk 0:14:51]} 33. Nxb3 {[%clk 0:36:38]} 33... Nd5 {[%clk 0:14:28]} 34. Ba3 {
[%clk 0:35:38]} 34... Ra8 {[%clk 0:13:55]} 35. Ra1 {[%clk 0:35:36]} 35... Bb7 {
[%clk 0:12:14]} 36. Bg2 {[%clk 0:35:14]} 36... Rfa6 {[%clk 0:11:34]} 37. Bb2 {
[%clk 0:35:11]} 37... Bc6 {[%clk 0:09:35]} 38. Rxa6 {[%clk 0:31:20]} 38... Rxa6
{[%clk 0:09:55]} 39. Bxd4 {[%clk 0:31:21]} 39... Nxb4 {[%clk 0:06:49]} 40. Bxc6
{[%clk 0:28:56]} 40... Rxc6 {[%clk 0:06:17]} 41. Be3 {[%clk 0:25:24]} 41...
Nxd3 {[%clk 0:06:05]} 42. Rd1 {[%clk 0:25:19]} 42... Nb2 {[%clk 0:02:46]} 43.
Rd2 {[%clk 0:21:52]} 43... Nc4 {[%clk 0:02:59]} 44. Rc2 {[%clk 0:21:20]} 44...
Nxe3 {[%clk 0:02:52]} 45. fxe3 {[%clk 0:21:41]} 45... Kf7 {[%clk 0:02:46]} 46.
Kf2 {[%clk 0:22:03]} 46... Ke6 {[%clk 0:03:03]} 47. Ke2 {[%clk 0:21:47]} 47...
g5 {[%clk 0:01:45]} 48. Rc3 {[%clk 0:20:47]} 48... h5 {[%clk 0:01:16]} 49. Rc2
{[%clk 0:20:25]} 49... Kd5 {[%clk 0:12:20]} 50. Kd3 {[%clk 0:35:17]} 50... b4 {
[%clk 0:11:07]} 51. Ke2 {[%clk 0:35:17]} 51... Bb6 {[%clk 0:09:14]} 52. Rd2+ {
[%clk 0:34:16]} 52... Kc4 {[%clk 0:08:46]} 53. cxb6 {[%clk 0:34:08]} 53... Kxb3
{[%clk 0:08:44]} 54. Rd5 {[%clk 0:32:24]} 54... Rxb6 {[%clk 0:08:54]} 55. Rxe5
{[%clk 0:32:46]} 55... Ka2 {[%clk 0:09:05]} 56. Ra5+ {[%clk 0:32:59]} 56... Kb1
{[%clk 0:08:59]} 57. Rxf5 {[%clk 0:33:19]} 57... b3 {[%clk 0:09:15]} 58. Rxg5 {
[%clk 0:33:15]} 58... b2 {[%clk 0:08:57]} 59. Rxh5 {[%clk 0:33:30]} 59... Ka2 {
[%clk 0:08:59]} 60. Ra5+ {[%clk 0:32:51]} 60... Kb3 {[%clk 0:09:18]} 0-1

[Event "DEM U10 2017"]
[Site "Willingen GER"]
[Date "2017.06.06"]
[Round "5"]
[White "Fuhrmann, Bahne"]
[Black "Hagner, Bennet"]
[Result "0-1"]
[Termination "normal"]
[Board "5"]
[WhiteElo "1365"]
[BlackElo "1683"]
[WhiteClock "01:04:19"]
[BlackClock "01:11:54"]
[PlyCount "36"]
[WhiteFideId "16244842"]
[BlackFideId "16224477"]
[EventCountry "GER"]
[EventRounds "11"]
[EventType "swiss"]
[EventDate "2017.06.03"]

1. e4 {[%clk 1:15:57]} 1... c6 {[%clk 1:15:55]} 2. d4 {[%clk 1:16:24]} 2... d5
{[%clk 1:16:20]} 3. Nc3 {[%clk 1:16:49]} 3... dxe4 {[%clk 1:16:35]} 4. Nxe4 {
[%clk 1:17:06]} 4... Nf6 {[%clk 1:17:00]} 5. Ng3 {[%clk 1:16:25]} 5... Bg4 {
[%clk 1:16:47]} 6. Nf3 {[%clk 1:16:32]} 6... Bxf3 7. Qxf3 {[%clk 1:16:54]} 7...
Qxd4 {[%clk 1:17:12]} 8. c3 {[%clk 1:16:17]} 8... Qd5 {[%clk 1:17:11]} 9. Qxd5
{[%clk 1:15:35]} 9... cxd5 {[%clk 1:17:27]} 10. Bf4 {[%clk 1:15:23]} 10... e6 {
[%clk 1:17:19]} 11. Bb5+ {[%clk 1:15:19]} 11... Nc6 {[%clk 1:17:06]} 12. O-O-O
{[%clk 1:14:32]} 12... a6 {[%clk 1:15:34]} 13. Bxc6+ {[%clk 1:14:14]} 13...
bxc6 {[%clk 1:15:55]} 14. Rhe1 {[%clk 1:14:05]} 14... Kd7 {[%clk 1:15:36]} 15.
f3 {[%clk 1:12:11]} 15... Bd6 {[%clk 1:15:22]} 16. Be3 {[%clk 1:11:54]} 16...
a5 {[%clk 1:13:59]} 17. c4 {[%clk 1:10:41]} 17... Rhb8 {[%clk 1:12:17]} 18. Rd2
{[%clk 1:04:19]} 18... Bb4 {[%clk 1:11:54]} 0-1

[Event "DEM U10 2017"]
[Site "Willingen GER"]
[Date "2017.06.06"]
[Round "5"]
[White "Reichmann, Felix"]
[Black "Rempe, Jonas"]
[Result "0-1"]
[Termination "normal"]
[Board "6"]
[WhiteElo "1550"]
[BlackElo "1733"]
[WhiteClock "00:30:22"]
[BlackClock "00:03:11"]
[PlyCount "82"]
[WhiteFideId "16238290"]
[BlackFideId "16202406"]
[EventCountry "GER"]
[EventRounds "11"]
[EventType "swiss"]
[EventDate "2017.06.03"]

1. c4 {[%clk 1:15:59]} 1... Nf6 {[%clk 1:15:51]} 2. g3 {[%clk 1:16:21]} 2... g6
{[%clk 1:16:09]} 3. Bg2 {[%clk 1:16:45]} 3... Bg7 {[%clk 1:16:33]} 4. Nc3 {
[%clk 1:17:11]} 4... O-O {[%clk 1:16:53]} 5. d3 {[%clk 1:16:14]} 5... c5 {
[%clk 1:14:07]} 6. e4 {[%clk 1:16:08]} 6... Nc6 {[%clk 1:14:16]} 7. Nge2 {
[%clk 1:16:02]} 7... Ne8 {[%clk 1:13:49]} 8. O-O {[%clk 1:16:20]} 8... Nc7 {
[%clk 1:14:12]} 9. Be3 {[%clk 1:16:39]} 9... Ne6 {[%clk 1:14:37]} 10. f4 {
[%clk 1:16:50]} 10... Ned4 {[%clk 1:12:26]} 11. a4 {[%clk 1:16:31]} 11... d6 {
[%clk 1:11:46]} 12. h3 {[%clk 1:15:49]} 12... f5 {[%clk 1:10:55]} 13. exf5 {
[%clk 1:13:25]} 13... Nxf5 {[%clk 1:05:07]} 14. Bf2 {[%clk 1:13:32]} 14... Bd7
{[%clk 1:02:11]} 15. Rb1 {[%clk 1:12:35]} 15... Rb8 {[%clk 0:58:34]} 16. Nd5 {
[%clk 1:11:57]} 16... e6 {[%clk 0:52:09]} 17. Ndc3 {[%clk 1:12:05]} 17... Ncd4
18. Ne4 18... Bc6 {[%clk 0:46:35]} 19. b4 {[%clk 1:05:21]} 19... Bxa4 { [%clk
0:43:49]} 20. Qxa4 {[%clk 1:04:48]} 20... Nxe2+ {[%clk 0:36:50]} 21. Kh2 {[%clk
1:02:49]} 21... b6 {[%clk 0:35:51]} 22. Qa2 {[%clk 1:03:13]} 22... Nc3 { [%clk
0:36:15]} 23. Nxc3 {[%clk 1:03:22]} 23... Bxc3 {[%clk 0:32:00]} 24. bxc5 {[%clk
1:00:44]} 24... dxc5 {[%clk 0:28:23]} 25. Qe2 Qf6 26. Rb3 { [%clk 0:59:55]}
26... Nd4 {[%clk 0:28:27]} 27. Bxd4 {[%clk 1:00:19]} 27... Bxd4 {[%clk
0:28:35]} 28. Ra3 {[%clk 0:57:22]} 28... Rf7 {[%clk 0:27:29]} 29. Re1 { [%clk
0:57:41]} 29... Re8 30. Qa2 30... Ree7 {[%clk 0:26:51]} 31. h4 { [%clk
0:57:34]} 31... Kg7 {[%clk 0:24:54]} 32. Bh3 {[%clk 0:56:50]} 32... Bb2 { [%clk
0:17:33]} 33. Rb3 {[%clk 0:56:52]} 33... Bd4 {[%clk 0:17:23]} 34. Ra3 { [%clk
0:57:14]} 34... Bb2 {[%clk 0:13:28]} 35. Rb3 {[%clk 0:57:14]} 35... Bd4 { [%clk
0:13:29]} 36. Ra3 {[%clk 0:57:31]} 36... e5 {[%clk 0:11:36]} 37. Re4 Qd6 38.
fxe5 {[%clk 0:51:51]} 38... Bxe5 {[%clk 0:07:19]} 39. Re3 {[%clk 0:31:55]}
39... Qd4 {[%clk 0:06:57]} 40. Re2 {[%clk 0:30:08]} 40... Bxg3+ {[%clk 0:02:56]
} 41. Kxg3 {[%clk 0:30:22]} 41... Qf4+ {[%clk 0:03:11]} 0-1

[Event "DEM U10 2017"]
[Site "Willingen GER"]
[Date "2017.06.06"]
[Round "5"]
[White "Richter, Nicholas"]
[Black "Deuer, Marius"]
[Result "1/2-1/2"]
[Termination "normal"]
[Board "7"]
[WhiteElo "1369"]
[BlackElo "1698"]
[WhiteClock "00:45:22"]
[BlackClock "00:20:59"]
[PlyCount "106"]
[WhiteFideId "16244834"]
[BlackFideId "16236432"]
[EventCountry "GER"]
[EventRounds "11"]
[EventType "swiss"]
[EventDate "2017.06.03"]

1. d4 {[%clk 1:15:56]} 1... Nf6 {[%clk 1:15:56]} 2. c4 {[%clk 1:16:18]} 2... e6
{[%clk 1:16:20]} 3. Nc3 {[%clk 1:16:30]} 3... Bb4 {[%clk 1:16:45]} 4. Qc2 {
[%clk 1:16:29]} 4... O-O {[%clk 1:17:06]} 5. Nf3 {[%clk 1:16:37]} 5... Nc6 {
[%clk 1:17:23]} 6. a3 {[%clk 1:16:36]} 6... Bxc3+ {[%clk 1:17:41]} 7. Qxc3 {
[%clk 1:16:37]} 7... d6 {[%clk 1:17:41]} 8. Bg5 {[%clk 1:16:30]} 8... Nb8 {
[%clk 1:09:55]} 9. e3 {[%clk 1:15:57]} 9... Nbd7 {[%clk 1:09:32]} 10. Rd1 {
[%clk 1:15:04]} 10... Qe8 {[%clk 1:08:19]} 11. Be2 {[%clk 1:13:37]} 11... Ne4 {
[%clk 1:07:25]} 12. Qd3 {[%clk 1:13:46]} 12... Nxg5 {[%clk 1:07:36]} 13. Nxg5 {
[%clk 1:14:07]} 13... f5 {[%clk 1:06:51]} 14. f4 {[%clk 1:12:35]} 14... Nf6 {
[%clk 1:04:15]} 15. Qb3 {[%clk 1:12:36]} 15... Rb8 {[%clk 1:01:10]} 16. O-O {
[%clk 1:11:07]} 16... Bd7 {[%clk 1:00:18]} 17. Qc3 {[%clk 1:10:11]} 17... h6 {
[%clk 0:58:55]} 18. Nh3 {[%clk 1:10:20]} 18... Ne4 {[%clk 0:58:37]} 19. Qa5 {
[%clk 1:07:52]} 19... a6 {[%clk 0:54:39]} 20. Qxc7 {[%clk 1:01:54]} 20... b6 {
[%clk 0:52:57]} 21. Nf2 {[%clk 1:01:55]} 21... Ba4 {[%clk 0:46:02]} 22. Nxe4 {
[%clk 1:00:50]} 22... Bxd1 {[%clk 0:43:48]} 23. Nxd6 {[%clk 1:01:01]} 23... Qd8
{[%clk 0:43:57]} 24. Qxd8 {[%clk 1:01:22]} 24... Rfxd8 {[%clk 0:44:09]} 25.
Rxd1 {[%clk 1:01:39]} 25... Rxd6 {[%clk 0:44:31]} 26. Bf3 {[%clk 0:59:16]}
26... Rc8 {[%clk 0:44:28]} 27. b3 {[%clk 0:59:00]} 27... Rcd8 {[%clk 0:43:37]}
28. h4 {[%clk 0:58:33]} 28... g6 {[%clk 0:42:19]} 29. g4 {[%clk 0:56:13]} 29...
g5 {[%clk 0:40:19]} 30. gxf5 {[%clk 0:51:41]} 30... gxf4 {[%clk 0:38:40]} 31.
fxe6 {[%clk 0:49:15]} 31... Rxe6 {[%clk 0:33:00]} 32. Bd5 {[%clk 0:49:40]}
32... Rxd5 {[%clk 0:33:26]} 33. cxd5 {[%clk 0:50:03]} 33... Rxe3 { [%clk
0:33:50]} 34. Kf2 {[%clk 0:47:11]} 34... Kf7 {[%clk 0:31:25]} 35. Re1 { [%clk
0:43:08]} 35... Rxb3 {[%clk 0:29:25]} 36. d6 {[%clk 0:42:20]} 36... Re3 { [%clk
0:23:44]} 37. d7 {[%clk 0:40:58]} 37... Ke7 {[%clk 0:22:15]} 38. d8=Q+ { [%clk
0:41:17]} 38... Kxd8 {[%clk 0:22:36]} 39. Rxe3 {[%clk 0:41:42]} 39... fxe3+
{[%clk 0:23:01]} 40. Kxe3 {[%clk 0:42:08]} 40... b5 {[%clk 0:22:15]} 41. Ke4
{[%clk 0:42:04]} 41... h5 {[%clk 0:20:11]} 42. Kd5 {[%clk 0:42:18]} 42... a5
{[%clk 0:17:56]} 43. Kc5 {[%clk 0:42:34]} 43... b4 {[%clk 0:18:15]} 44. axb4
{[%clk 0:42:56]} 44... axb4 {[%clk 0:17:38]} 45. Kxb4 {[%clk 0:43:20]} 45...
Kd7 {[%clk 0:18:04]} 46. Kc5 {[%clk 0:43:41]} 46... Kc7 {[%clk 0:18:26]} 47.
Kd5 {[%clk 0:44:06]} 47... Kd7 {[%clk 0:18:52]} 48. Ke5 {[%clk 0:44:25]} 48...
Ke7 {[%clk 0:19:16]} 49. d5 {[%clk 0:44:39]} 49... Kd7 {[%clk 0:19:39]} 50. d6
{[%clk 0:45:02]} 50... Kd8 {[%clk 0:20:01]} 51. Kf5 {[%clk 0:44:38]} 51... Kd7
{[%clk 0:20:22]} 52. Kg5 {[%clk 0:45:01]} 52... Kxd6 {[%clk 0:20:44]} 53. Kxh5
{[%clk 0:45:22]} 53... Ke7 {[%clk 0:20:59]} 1/2-1/2